Central Library OPAC University of Rajshahi

বিচিত্র প্রসঙ্গ / (Record no. 64278)

MARC details
000 -LEADER
fixed length control field 00924nam a2200229 a 4500
001 - CONTROL NUMBER
control field 64278
003 - CONTROL NUMBER IDENTIFIER
rucl marc code BD-RjUL
005 - DATE AND TIME OF LATEST TRANSACTION
control field 20211209081305.0
008 - FIXED-LENGTH DATA ELEMENTS--GENERAL INFORMATION
fixed length control field 170213s1969 ii ||||| |||| 00| 0 ben d
020 ## - INTERNATIONAL STANDARD BOOK NUMBER
Terms of availability : Tk. 8.75
035 ## - SYSTEM CONTROL NUMBER
System control number (BD-RjUL)64408
040 ## - CATALOGING SOURCE
Original cataloging agency BD-RjUL
Language of cataloging ben
Transcribing agency BD-RjUL
Modifying agency BD-RjUL
041 ## - LANGUAGE CODE
Language code of text/sound track or separate title ben
082 ## - DEWEY DECIMAL CLASSIFICATION NUMBER
Edition number 23
Classification number 891.4408
Author mark and year MUB 1969
100 1# - MAIN ENTRY--PERSONAL NAME
Personal name মুখোপাধ্যায়, বিমলকুমার
9 (RLIN) 190905
245 10 - TITLE STATEMENT
Title বিচিত্র প্রসঙ্গ /
Statement of responsibility, etc. বিমলকুমার মুখোপাধ্যায়
260 ## - PUBLICATION, DISTRIBUTION, ETC. (IMPRINT)
Place of publication, distribution, etc. কলিকাতা :
Name of publisher, distributor, etc. আলফা পাবলিশিং কনসার্ণ,
Date of publication, distribution, etc. ১৯৬৯
300 ## - PHYSICAL DESCRIPTION
Pagination ১৭৯ পৃ. ;
Size ১৯ সেমি.
650 ## - SUBJECT ADDED ENTRY--TOPICAL TERM
Topical term or geographic name as entry element বাংলা সাহিত্য
Form subdivision সংগৃহিত প্রবন্ধ
9 (RLIN) 136663
Topical term or geographic name as entry element Bengali literature
Form subdivision Collected Essay
9 (RLIN) 136664
942 ## - ADDED ENTRY ELEMENTS (KOHA)
Source of classification or shelving scheme Dewey Decimal Classification
Koha item type Books
Holdings
Lost status Source of classification or shelving scheme Damaged status Not for loan Collection code Permanent Location Current Location Shelving location Date acquired Source of acquisition Cost, normal purchase price Total Checkouts Full call number Date last seen Copy number Koha item type
  Dewey Decimal Classification   Not For Loan Non-fiction Central Library, University of Rajshahi Central Library, University of Rajshahi Reading Room 01/06/1973 Uttarbanga Library 4.00   B 891.4408 MUB 1969 13/02/2017 C-1 Books